
Library Catalogue

| 000 -LEADER | |
|---|---|
| fixed length control field | 00301nam a2200109Ia 4500 |
| 008 - FIXED-LENGTH DATA ELEMENTS--GENERAL INFORMATION | |
| fixed length control field | 200619s9999 xx 000 0 und d |
| 082 ## - DEWEY DECIMAL CLASSIFICATION NUMBER | |
| Classification number | 304.6CHA |
| 100 ## - MAIN ENTRY--PERSONAL NAME | |
| Personal name | Chakravarthy Manu N. |
| 245 #0 - TITLE STATEMENT | |
| Title | Conflating Demography and Theory |
| 942 ## - ADDED ENTRY ELEMENTS (KOHA) | |
| Koha item type | CSSEIP Office Library Collection |
| Withdrawn status | Lost status | Damaged status | Not for loan | Home library | Current library | Shelving location | Date acquired | Total Checkouts | Barcode | Date last seen | Price effective from | Koha item type |
|---|---|---|---|---|---|---|---|---|---|---|---|---|
| . | . | CSSEIP Office Library | 25.06.2020 | CSSEIP561 | 23.06.2020 | 23.06.2020 | CSSEIP Office Library Collection |